000 00400cam a22001097a 4500
008 180718b-- xxu||||| |||| 00| 0 eng d
082 _aT19065x5444 E
245 _aEconomic census, Karnataka
_cby Planning Department. Manpower and Employment Unit
260 _aBangalore
_bThe author
_c--
500 _aLibrary has 1977 (provisional)
700 _aKarnataka. Planning Department. Manpower and Employment Unit
999 _c490261
_d490261